The tourist city (Registro nro. 301351)
[ vista simple ]
| 000 -ENCABEZADO | |
|---|---|
| Número de control [NR] | 01059cam a2200277 a 4500 |
| 005 - FECHA Y HORA DE LA ÚLTIMA TRANSACCIÓN | |
| control field | 20161118121116.0 |
| 008 - DE LONGITUD FIJA DE DATOS DE ELEMENTOS - INFORMACIÓN GENERAL | |
| Elementos de longitud fija [NR] | 151020s1999 xxu frb 001 0 eng d |
| 020 ## - NUMERO INTERNACIONAL NORMALIZADO PARA LIBROS [R] | |
| Número Internacional Normalizado del libro [NR] | 0300074050 |
| 020 ## - NUMERO INTERNACIONAL NORMALIZADO PARA LIBROS [R] | |
| Número Internacional Normalizado del libro [NR] | 9780300078466 |
| 035 ## - NUMERO DE CONTROL DEL SISTEMA [R] | |
| Número de control del sistema [NR] | (OCoLC)39747283 |
| Numero Cancelado/no válido [R] | (OCoLC)41960592 |
| -- | (OCoLC)59403510 |
| -- | (OCoLC)123071119 |
| -- | (OCoLC)316536130 |
| -- | (OCoLC)810962170 |
| -- | (OCoLC)850158839 |
| 040 ## - FUENTE DE CATALOGACION [NR] | |
| Agencia de catalogación original [NR] | CO-BoUCM |
| Idioma de catalogación [NR] | spa |
| Quien Cataloga | Sandra Palacio |
| Quien Clasifica | Sandra Palacio |
| 041 0# - CODIGO DE IDIOMA [R] | |
| Código de idioma para texto/pista de sonido o título separado [R] | Inglés |
| 245 04 - MENCION DE TITULO [NR] | |
| Título [NR] | The tourist city |
| Mención de responsabilidad, etc. [NR] | Editado por Dennis R. Judd y Susan S. Fainstein. |
| 260 ## - PUBLICACION, DISTRIBUCION, ETC. (PIE DE IMPRENTA) [R] | |
| Lugar de publicación, distribución, etc. [R] | New Haven (Connecticut, Estados Unidos) |
| Nombre del editor, distribuidor, etc. [R] | Yale University Press |
| Fecha de publicación, distribución, etc. [R] | 1999 |
| 300 ## - DESCRIPCION FISICA [R] | |
| Extensión [R] | 340 páginas |
| 504 ## - NOTA DE BIBLIOGRAFIA, ETC. [R] | |
| Nota de bibliografía, etc. [NR] | Incluye referencias bibliográficas e índices |
| 650 #4 - ASIENTO SECUNDARIO DE MATERIA - TERMINO TEMATICO [R] | |
| Término temático o nombre geográfico como elemento de entrada [NR] | Turismo |
| 9 (RLIN) | 25937 |
| 650 #0 - ASIENTO SECUNDARIO DE MATERIA - TERMINO TEMATICO [R] | |
| Término temático o nombre geográfico como elemento de entrada [NR] | Urbanismo |
| 9 (RLIN) | 25989 |
| 650 #7 - ASIENTO SECUNDARIO DE MATERIA - TERMINO TEMATICO [R] | |
| Término temático o nombre geográfico como elemento de entrada [NR] | Turistas |
| 9 (RLIN) | 25940 |
| 650 #7 - ASIENTO SECUNDARIO DE MATERIA - TERMINO TEMATICO [R] | |
| Término temático o nombre geográfico como elemento de entrada [NR] | Comercio turístico |
| 9 (RLIN) | 11214 |
| 690 ## - ASUNTO AGREGADO LOCAL DE ENTRADA - TÉRMINO TEMÁTICO (OCLC, RLIN) | |
| 9 (RLIN) | 42796 |
| Acceso temático local | Economía del trabajo |
| 700 1# - ASIENTO SECUNDARIO - NOMBRE PERSONAL [R] | |
| Nombre personal [NR] | Judd, Dennis R. |
| Término de relación [R] | editor |
| 9 (RLIN) | 72564 |
| 700 1# - ASIENTO SECUNDARIO - NOMBRE PERSONAL [R] | |
| Nombre personal [NR] | Fainstein, Susan S. |
| Término de relación [R] | editor |
| 9 (RLIN) | 72565 |
| 942 ## - ELEMENTOS DE ENTRADA AGREGADOS (KOHA) | |
| Sistema de clasificación | DEWEY |
| Tema principal | Economía |
| Tipo de ítem principal el descrito en 300a | Libro |
| Edición | 1 |
| Clasificación | 338.4 |
| Parte restante de la signatura top. | T727t |
| Total préstamos | Signatura topográfica | Código de barras | Última vez visto | Ejemplar | Costo de reposición | Price effective from | Tipo de ítem | Perdido | Sistema de clasificación | Dañado | No prestable | Tipo de ítem específico | Suprimido | Ubicación habitual | Ubicación actual | Localización | Fecha de creación | Proveedor | Forma de adquisición | Costo |
|---|---|---|---|---|---|---|---|---|---|---|---|---|---|---|---|---|---|---|---|---|
| 338.4 T727t | 100147926 | 04/12/2025 | Ej.1 | 106719.00 | 02/10/2015 | Libro | DEWEY | Libro | Claustro | Claustro | Mezanine | 02/10/2015 | 15 | Compra | 106719.00 |